Estudios sobre Historia Militar. Atlas
Kaydedildi:
| Asıl Yazarlar: | , |
|---|---|
| Materyal Türü: | Kitap |
| Dil: | İspanyolca |
| Baskı/Yayın Bilgisi: |
Santiago
Litografía P. Cadot y Cía., calle de los Huérfanos, número 25
1887
|
| Edisyon: | 1a. ed |
| Konular: | |
| Etiketler: |
Etiketle
Etiket eklenmemiş, İlk siz ekleyin!
|
MARC
| LEADER | 00000nam a2200000 a 4500 | ||
|---|---|---|---|
| 001 | UCJ6294 | ||
| 003 | CL-VaPUC | ||
| 008 | 070124e18870000CL |||||||||||||||||spa|d | ||
| 082 | 0 | 4 | |a 983 |b KOR |2 21 |
| 100 | 1 | |a Körner, Emilio |e author |9 505991 | |
| 700 | 0 | |a Boonen Rivera, J |e author |9 512770 | |
| 245 | 1 | 0 | |a Estudios sobre Historia Militar. Atlas |
| 250 | |a 1a. ed | ||
| 942 | |c BK | ||
| 945 | |d 20070124 00:00:00 |a rinostro | ||
| 260 | |a Santiago |b Litografía P. Cadot y Cía., calle de los Huérfanos, número 25 |c 1887 | ||
| 500 | |a Esta obra es complemento de la Historia Militar de los mismos autores | ||
| 650 | 0 | |a Mapas |9 260844 | |
| 650 | 0 | |a Ilustraciones |9 369481 | |
| 583 | |a last modification |c 20070124 00:00:00 |k Rodrigo Vera | ||
| 999 | |c 322402 |d 322400 | ||
| 952 | |0 0 |1 0 |4 0 |6 983_000000000000000_KOR_1887 |7 0 |8 X |9 401387 |a FDOBUD |b FDOBUD |d 2019-11-22 |i 1046381 |o 983 KOR 1887 |p 1046381 |r 2019-11-22 |w 2019-11-22 |y BK_X |k BUD | ||